| 000 | 00602nam a2200241 a 4500 | ||
|---|---|---|---|
| 001 | 0001-1299 | ||
| 003 | ELIB.Books | ||
| 008 | 150706 2010 eng | ||
| 020 | _a9781572935747 | ||
| 035 | _a(ELIB.Books)0001-1454 | ||
| 092 |
_a242 _bBea |
||
| 100 | _aBeach, Shelly | ||
| 245 | _aIt Is Well with My Soul | ||
| 260 |
_aGrand Rapids _bDiscovery House _c2012 |
||
| 300 |
_a269 _c20 Cm |
||
| 500 | _aLibrary | ||
| 650 | _aDevotional Literature | ||
| 856 |
_nKBTS: Library _uKBTS: Elib |
||
| 942 |
_2ddc _cBK |
||
| 990 | _a1 | ||
| 998 |
_cbat _e2015-07-06 |
||
| 999 |
_c11299 _d11299 |
||